| 000 | 00536nam a2200193 a 4500 | ||
|---|---|---|---|
| 001 | 0001 | ||
| 005 | 20140414131906.0 | ||
| 008 | 040726s19uu xx 00 eng d | ||
| 020 | _a0-19-585466-7 | ||
| 050 |
_aFIC _bW44 1992 |
||
| 100 | _aWells, H. G. | ||
| 245 |
_aThe war of the worlds / _cH. G. Wells. |
||
| 260 |
_aOxford : _bOxford University Press, _c1994. |
||
| 300 | _a105 p. : ill. ; cm. | ||
| 440 | _aOxford Progressive English Reader | ||
| 650 | _aFiction. | ||
| 650 |
_aReading _xJuvenile literature. |
||
| 999 |
_c110959 _d110959 |
||